Complete Mathematics (Record no. 210580)

MARC details
000 -LEADER
fixed length control field 00692nam a22002177a 4500
005 - DATE AND TIME OF LATEST TRANSACTION
control field 20250328145028.0
010 ## - LCCN (DPL NO)
LC control number ENG-144344
020 ## - INTERNATIONAL STANDARD BOOK NUMBER
Terms of availability 325.00
International Standard Book Number 9789384761479
035 ## - SYSTEM CONTROL NUMBER
System control number EN-127876
037 ## - SOURCE OF ACQUISITION
Source of stock number/acquisition DBAD
082 ## - DEWEY DECIMAL CLASSIFICATION NUMBER
Classification number 500
100 ## - MAIN ENTRY--PERSONAL NAME
Personal name Kumar Rishikesh
245 ## - TITLE STATEMENT
Title Complete Mathematics
Remainder of title For Concept And Ability To Solve Faster
Statement of responsibility, etc Rishikesh Kumar
Medium English
250 ## - EDITION STATEMENT
Edition statement 1
260 ## - PUBLICATION, DISTRIBUTION, ETC. (IMPRINT)
Place of publication, distribution, etc Ashochak
Name of publisher, distributor, etc Lucent Publication
Date of publication, distribution, etc 2020
270 ## - ADDRESS
Address New Bypass Road ,Ashochak Patna
City Patna Bihar
Postal code 800030
Telephone number 0612-2344915
Electronic mail address info@lecentpublication.com
300 ## - PHYSICAL DESCRIPTION
Extent 1002 p.
Dimensions 21(pb)
700 ## - ADDED ENTRY--PERSONAL NAME
Personal name Rishikesh Kumar
9 (RLIN) 80016
760 ## - MAIN SERIES ENTRY
Edition 1
942 ## - ADDED ENTRY ELEMENTS (KOHA)
Source of classification or shelving scheme Dewey Decimal Classification
Item type English Books
Classification part 500
Call number suffix kum
Edition 1
Holdings
Withdrawn status Lost status Not for loan Home library Current library Date acquired Source of acquisition Cost, normal purchase price Full call number Barcode Copy number Cost, replacement price Koha item type
      Janak Puri Janak Puri 15/05/2025 DBAD/PUB 325.00 500 kum EN-127876 1 325.00 English Books

© Delhi Public Library
Hit Counter
free hit counter